Choose the correct cities on each river - Statistics

General Stats
  • This quiz has been taken 23 times
  • The average score is 23 of 36
Answer Stats
Question Tile Select % Correct
Danube cities Vienna Yes
91%
Danube cities Budapest Yes
86%
Nile cities Caïro Yes
86%
Danube cities Zagreb No
86%
Nile cities Nairobi No
82%
Mississippi cities Nashville No
82%
Nile cities Kampala No
77%
Mississippi cities New Orleans Yes
77%
Nile cities Addis Ababa No
73%
Danube cities Belgrade Yes
73%
Rhine cities Cologne Yes
73%
Danube cities Constanta No
73%
Rhine cities Luxembourg No
73%
Nile cities Luxor Yes
73%
Danube cities Munich No
73%
Danube cities Prague No
73%
Mississippi cities Saint Louis Yes
73%
Rhine cities Frankfurt am Main No
68%
Mississippi cities Indianapolis No
68%
Nile cities Khartoum Yes
68%
Mississippi cities Lafayette No
68%
Nile cities Port Said No
68%
Mississippi cities Memphis Yes
64%
Mississippi cities Jackson No
59%
Mississippi cities Kansas city No
59%
Rhine cities Mannheim Yes
59%
Rhine cities Strasbourg Yes
59%
Rhine cities Stuttgart No
55%
Rhine cities Basel Yes
45%
Mississippi cities Minneapolis Yes
45%
Danube cities Linz Yes
41%
Rhine cities Rotterdam Yes
41%
Danube cities Regensburg Yes
32%
Nile cities Juba Yes
27%
Nile cities Alexandria No
23%
Rhine cities Arnhem Yes
23%
No matching quizzes found
Score Distribution
Percent of People with Each Score
Percentile by Number Answered
Your Score History
You have not taken this quiz